• 首页
  • 本馆介绍
  • 公告通知
  • 最新文献
  • 馆藏检索
  • 电子资源
  • 读者导购
  • 参考咨询
  • 我的图书馆
  • 登录
  • 详细信息显示
  • 放入我的书架
  • 预约/预借图书
  • 作者相关作品
  • 分类相关作品
  • 丛书相关作品
  • 出版社相关作品

书目信息

  • 表格格式
  • 工作单格式
  • 卡片格式
题名:
德国教育史
    
 
作者: 鲍尔生 , FriedrichPaulsen 著 ;滕大春 , 滕大生 译
分册:  
出版信息: 北京   人民教育出版社  1986
页数: 214页
开本: 20cm
丛书名:
单 册:
中图分类: G551.69
科图分类:
主题词: 教育史--德国
电子资源:
ISBN:
000 00905nam0 2200289 45
001 0186016060
005 20040425132348.4
010    @dCNY1.25
091    @a7012.01076
100    @a19900802d1986 kemy0chiy0121 ea
101 1  @achi@cger
102    @aCN@b110000
105    @ay z 000yy
106    @ar
200 10 @a德国教育史@Ade guo jiao yu shi@f(德)鲍尔生(FriedrichPaulsen,F.)著@g滕大春, 滕大生译
210    @a北京@c人民教育出版社@d1986
215    @a214页@d20cm
300    @a根据英国劳伦兹(T.Lorenz)的英译本《德国教育的过去和现在》(German Education, Past And Present)译出
606    @a教育史@y德国
690    @aG551.69@v3
701  1 @a鲍尔生@Abao er sheng@bF.@4著
701 A1 @aFriedrichPaulsen@dF.@4著
702  0 @a滕大春@Ateng da chun@4译
702  0 @a滕大生@Ateng da sheng@4译
801  0 @aCN@b深圳图书馆@c20040425
801  2 @aCN@bNLC@c20040425
905    @f1@b204173@dG551.69@e17
    
    德国教育史/(德)鲍尔生(FriedrichPaulsen,F.)著/滕大春, 滕大生译.-北京:人民教育出版社,1986
    214页;20cm
    根据英国劳伦兹(T.Lorenz)的英译本《德国教育的过去和现在》(German Education, Past And Present)译出
    
    ISBN :CNY1.25
    
●
相关链接 在E读中查询图书 在五车中查询图书 在当当中查询图书 在豆瓣中查询图书


正题名:德国教育史     索取号:G551.69/17         预约/预借

序号 登录号 条形码 馆藏地/架位号 状态 备注
1 0204173   000464018   第四借阅区/ [索取号:G551.69/17] 在馆    
2 0204174   000464054   第一样本阅览室/ [索取号:G551.69/17] 在馆    
唐山师范学院图书馆 欢迎您!
大连网信软件有限公司© 版权所有